1704 1746 1169 1353 1854 1677 1466 1447 1813 1386 1612 1954 1353 1292 1284 1868 1545 1041 1491 1192 1674 1478 1483 1074 1982 1949 1214 1605 1865 1537 1450 1136 1018 1711 1572 1855 1772 1385 1259 1551 1920 1835 1401 1702 1336 1414 1644 1782 1728 1171 1395 1546 1360 1422 1392 1860 1473 1446 1132 1139 1387 1254 1104 1692 1528 1133 1891 1089 1611 1869 1485 1314 1421 1833 1909 1022 1526 1325 1313 1463 1881 1764 1275 1021 1365 1890 1618 1809 1965 1593 1614 1167 1893 1770 1509 1047 1830 1161 1664 BCNSPRNW ULIB Ver.6.0+V

เปลี่ยนเป็นภาษาไทย

Change to English
 แสดงรายละเอียดบรรณานุกรม
  กลับหน้าหลัก

Brief Record : Get Marc (ISO 2709) : E-mail record : QR code < ปิดหน้าต่าง
LEADER : 00000nam 2200000uu 4500
001    13399111333
003     ULIB
008    110622s||||||||th 000 0 tha d
020    9789749763278
050 04 BF1922.T5^bค169ค 2550
100 1  บริสตอล, คล็อด เอ็ม.
245 10 ความเชื่อ พลังมหัศจรรย์ในจิตใต้สำนึกของคุณ /^cClaude M.Bristol ; กานต์สิริ โรจนสุวรรณ แปล
246 31 The magic of belleving
250    พิมพ์ครั้งที่ 1
260    กรุงเทพฯ :^bต้นไม้,^c2550
300    305 หน้า
500    The magic of belleving
650  7 โทรจิต
700 00 กานต์สิริ โรจนสุวรรณ,^eผู้แปล
945    ^p250^l0^i023332
995    ทศพร
999 ^a ใช้งานได้ทุกระบบ
รายการนี้ยังไม่มีแท็ก
คุณยังไม่ได้ล็อกอิน คุณสามารถมีกิจกรรมร่วมกับเว็บไซต์ได้ แต่ต้องล็อกอินก่อน ::
  ล็อกอิน

รายการสื่อสารสนเทศ

ลำดับที่ ประเภท เลขเรียก/บาร์โค้ด สถานที่ สถานะ
- ไม่พบข้อมูล -

BibComment


ยังไม่เคยถูกคอมเมนท์

คอมเมนท์ทรัพยากรรายการนี้
  คอมเมนท์: ความเชื่อ พลังมหั..


 Copyright 2026. Bcnsprnw @Library